| 000 | 00526cam a22002291 4500 | ||
|---|---|---|---|
| 001 | sa 66005727 | ||
| 003 | DLC | ||
| 005 | 20260227112251.0 | ||
| 008 | 941018s1965 ii 000 1 orio | ||
| 010 | _asa 66005727 | ||
| 025 | _aPL480:I-O-544 | ||
| 035 | _a(OCoLC)31307331 | ||
| 040 |
_aDLC _cCU _dCU _dDLC |
||
| 042 | _apremarc | ||
| 050 | 0 | 0 |
_aPK2579.S53 _bR3 |
| 100 | 1 | _aSingh, Ram Prasad. | |
| 245 | 1 | 0 | _aRaktarekhā. |
| 260 | _c[1965] | ||
| 300 |
_a156 p. _c23 cm. |
||
| 500 | _aIn Oriya. | ||
| 500 | _aA novel. | ||
| 999 |
_c70134 _d70134 |
||